000 00397cam a2200157ua 4500
041 _aeng
_h
082 _a342.02
_bSHA/MO
100 _aSharma, Indra D .
245 _aModern constitutions at work /
_cIndra D Sharma.
_hTextual Documents
250 _a1 /
_b.
260 _aMumbai :
_bAsia Publishing House ,
_c1962.
300 _a552 ; .
504 _a
942 _cBK
999 _c11424
_d11424